000 00213nam a22000857a 4500
008 170128b xxu||||| |||| 00| 0 eng d
100 _92609
_aChugh.R.K
245 _aI.T.Genius Computer-3
260 _aNew Delhi
_bGRB
_c2012
999 _c5746
_d5746